Lower Body Muscles - Statistics

General Stats
  • This quiz has been taken 113 times
  • The average score is 7 of 17
Answer Stats
Picture Answer % Correct
Gluteus Maximus
93%
Gastrocnemius
74%
Tibialis Anterior
63%
Sartorius
62%
Soleus
59%
Biceps Femoris
47%
Vastus Lateralis
44%
Gracilis
43%
Vastus Medialis
41%
Adductor Magnus
38%
Achilles Tendon
34%
Semi Tendinosus
31%
Adductors
29%
Semi Membranosus
29%
Tensor Fascia Latae
22%
Peroneus Longus
12%
Gluteus Medialis
9%
No matching quizzes found
Score Distribution
Percent of People with Each Score
Percentile by Number Answered
Your Score History
You have not taken this quiz